[Event "XIe open de Saint-Chély d'Aubrac"]
[Site "Saint-Chely d'Aubrac"]
[Date "2011.07.10"]
[Round "2.8"]
[White "Galloux, Maxime"]
[Black "Hug, Timothee"]
[Result "0-1"]
[WhiteElo "2075"]
[BlackElo "1786"]
[PlyCount "168"]
[EventDate "2011.??.??"]

1. e4 c5 2. Nf3 Nc6 3. d4 cxd4 4. Nxd4 g6 5. Nc3 Bg7 6. Be3 Nf6 7. Bc4 Qa5 8.
O-O O-O 9. Nb3 Qc7 10. Bg5 a6 11. Be2 b5 12. a3 h6 13. Bh4 Nxe4 14. Nxe4 Qf4
15. Nec5 Bd4 16. Bg3 Qf5 17. Bg4 Qd5 18. Bf3 Qf5 19. Nd3 d5 20. Nd2 Rd8 21. Nb3
Bg7 22. c3 e5 23. Nb4 Ne7 24. Na5 Qe6 25. Re1 Kf8 26. c4 bxc4 27. Nxc4 f6 28.
Na5 Qb6 29. Nb3 a5 30. Na2 a4 31. Nd2 Qxb2 32. Nb4 Be6 33. Qc1 Qd4 34. Nc6 Nxc6
35. Qxc6 Bf7 36. Rad1 Rac8 37. Qb5 Rb8 38. Qa5 Ra8 39. Qc7 Rac8 40. Qa5 Ra8 41.
Qb5 Rab8 42. Qe2 Rb2 43. Qe3 Qxe3 44. Rxe3 Rc8 45. Nf1 d4 46. Re2 Rb3 47. Ra1
Rcc3 48. Rea2 Rb6 49. Rd2 f5 50. h3 e4 51. Bd1 e3 52. fxe3 dxe3 53. Rd7 Rc8 54.
Bd6+ Kg8 55. Bc7 Rxc7 56. Rxc7 Bxa1 57. Re7 Bd4 58. Kh1 Rb1 59. Be2 Ra1 60. Rd7
Bb2 61. Rd1 Rxd1 62. Bxd1 Bxa3 63. Nxe3 Bb3 64. Be2 Bc1 65. Nc4 a3 66. Nxa3
Bxa3 67. g4 Bd5+ 68. Kg1 f4 69. h4 Kf7 70. Bd3 Be7 71. h5 gxh5 72. gxh5 Kf6 73.
Kf2 Kg5 74. Be2 Bf7 75. Bf3 Bxh5 76. Bc6 Bg4 77. Kg2 h5 78. Kh2 Bd6 79. Kg1 h4
80. Kf2 h3 81. Be4 Bc5+ 82. Kf1 Kh4 83. Bh1 Kg3 84. Ke1 Bf3 0-1

[Event "XIe open de Saint-Chély d'Aubrac"]
[Site "Saint-Chely d'Aubrac"]
[Date "2011.07.10"]
[Round "2.9"]
[White "Grange, Romain"]
[Black "Messinger, Karl"]
[Result "0-1"]
[WhiteElo "1721"]
[BlackElo "1988"]
[PlyCount "65"]
[EventDate "2011.??.??"]

1. d4 Nf6 2. Bg5 g6 3. Bxf6 exf6 4. e3 Bg7 5. g3 O-O 6. Bg2 d5 7. Nf3 Be6 8. c3
Nd7 9. Nbd2 c5 10. Qb3 Qc7 11. O-O Rac8 12. a4 a5 13. Rfc1 b6 14. Nb1 f5 15.
Na3 Nf6 16. Nb5 Qb8 17. Qd1 Ne4 18. Qe2 Bd7 19. Rd1 c4 20. Qc2 Bxb5 21. axb5
Qd6 22. Qa4 Rfe8 23. Ne1 Bh6 24. Bxe4 fxe4 25. Ng2 f5 26. Re1 Re7 27. Re2 g5
28. Qa3 Qd7 29. Kh1 Rg7 30. h4 f4 31. hxg5 f3 32. Nf4 Bxg5 33. Kh2 0-1

[Event "XIe open de Saint-Chély d'Aubrac"]
[Site "Saint-Chely d'Aubrac"]
[Date "2011.07.10"]
[Round "2.10"]
[White "Huin, Eric"]
[Black "Herrero, Alain"]
[Result "0-1"]
[WhiteElo "1869"]
[BlackElo "1774"]
[PlyCount "127"]
[EventDate "2011.??.??"]

1. e4 c5 2. Nc3 g6 3. Bc4 Bg7 4. d3 e6 5. Nge2 Nc6 6. O-O Nge7 7. Bg5 O-O 8.
Qd2 a6 9. a4 b6 10. Bh6 Nd4 11. Bxg7 Kxg7 12. f4 d5 13. exd5 exd5 14. Ba2 Bb7
15. Nxd4 cxd4 16. Ne2 Nf5 17. Rf3 h5 18. Ng3 Qd6 19. Nxf5+ gxf5 20. Rg3+ Kh6
21. Rg5 Rg8 22. Rxf5 Qe6 23. Re5 Qg4 24. Rae1 Bc6 25. Bxd5 Rac8 26. Bxc6 Rxc6
27. h3 Qh4 28. f5+ Kh7 29. Re7 Rf6 30. Kh1 Rxf5 31. R7e4 Qf2 32. Qxf2 Rxf2 33.
R4e2 Rf5 34. Re5 Rxe5 35. Rxe5 Rc8 36. Rxh5+ Kg6 37. Rd5 Rxc2 38. Rd6+ Kf5 39.
Rxb6 Kf4 40. Rf6+ Ke3 41. Rf3+ Kd2 42. b4 Rc7 43. h4 Rb7 44. h5 Rxb4 45. Rxf7
Kxd3 46. h6 Rb6 47. Rf3+ Kc4 48. h7 Rb8 49. Rh3 Rh8 50. g4 d3 51. Kg2 d2 52.
Rh1 Rxh7 53. Rd1 Kc3 54. Kf3 Re7 55. g5 Kc2 56. Rxd2+ Kxd2 57. Kf4 Kc3 58. Kf5
Kb4 59. Kf6 Re1 60. g6 Kxa4 61. g7 Rg1 62. Kf7 Kb5 63. g8=Q Rxg8 64. Kxg8 0-1

[Event "XIe open de Saint-Chély d'Aubrac"]
[Site "Saint-Chely d'Aubrac"]
[Date "2011.07.10"]
[Round "2.11"]
[White "Meyer, Eric"]
[Black "Costa, Matthieu"]
[Result "1/2-1/2"]
[WhiteElo "1708"]
[BlackElo "1566"]
[PlyCount "89"]
[EventDate "2011.??.??"]

1. d4 d5 2. c4 e6 3. Nf3 Nc6 4. Nc3 Nf6 5. Bg5 Be7 6. e3 O-O 7. a3 b6 8. Qc2
Ba6 9. b4 Bxc4 10. Bxc4 dxc4 11. Qe2 Nd5 12. Bxe7 Ncxe7 13. Qxc4 Nxc3 14. Qxc3
Nd5 15. Qc4 a5 16. b5 Rc8 17. O-O Nf6 18. Rfc1 Qd5 19. Qc6 Rfd8 20. Ne5 Rd6 21.
Qxd5 Rxd5 22. Nc6 Re8 23. Ra2 Rxb5 24. Rac2 Rb3 25. a4 Nd5 26. Rc4 Nb4 27. Nxb4
Rxb4 28. Kf1 Rxc4 29. Rxc4 Rc8 30. Ke2 Kf8 31. Kd3 Ke7 32. e4 Kd7 33. e5 c5 34.
dxc5 Rxc5 35. Rxc5 bxc5 36. Kc4 Kc6 37. f4 g6 38. h3 h6 39. g3 h5 40. g4 hxg4
41. hxg4 Kb6 42. Kb3 Kc6 43. Kc4 Kb6 44. Kb3 Kc6 45. Kc4 1/2-1/2

[Event "XIe open de Saint-Chély d'Aubrac"]
[Site "Saint-Chely d'Aubrac"]
[Date "2011.07.10"]
[Round "2.12"]
[White "Barnicol, Georges"]
[Black "Tassetti, Florent"]
[Result "0-1"]
[WhiteElo "1580"]
[BlackElo "1692"]
[PlyCount "126"]
[EventDate "2011.??.??"]

1. e4 e5 2. Nf3 Nc6 3. Bb5 a6 4. Ba4 d6 5. O-O Bd7 6. c3 g6 7. d4 Bg7 8. Be3
Nge7 9. Re1 O-O 10. Nbd2 Kh8 11. Nf1 f5 12. exf5 gxf5 13. dxe5 dxe5 14. Bc5 Re8
15. Ng3 h6 16. Nh5 Ng6 17. Nxg7 Kxg7 18. Bc2 Be6 19. Qxd8 Raxd8 20. Rad1 b6 21.
Rxd8 Rxd8 22. Ba3 e4 23. Nd4 Nxd4 24. cxd4 Rxd4 25. b3 Rd2 26. Bb1 Ne5 27. Bb4
Rd5 28. Bc3 Kf7 29. h3 Nd3 30. Rd1 c5 31. f3 Nf4 32. Rxd5 Bxd5 33. fxe4 Bxe4
34. Bxe4 Ne2+ 35. Kf2 Nxc3 36. Bxf5 Nxa2 37. Bd3 Nb4 38. Bc4+ Kf6 39. g4 b5 40.
Be2 Nc2 41. Bf3 Nd4 42. Bb7 a5 43. Ba6 Ke5 44. Ke3 Kd5 45. Bb7+ Kd6 46. Ba6 Kc6
47. Kd3 Nxb3 48. h4 c4+ 49. Ke3 Nc5 50. Bc8 Kd6 51. g5 hxg5 52. h5 Ke7 53. h6
Kf7 54. h7 Kg7 55. Bf5 a4 56. Kd4 a3 57. Bb1 Nb3+ 58. Kc3 g4 59. Bf5 a2 60. Kb4
a1=Q 61. Kxb5 Qa5+ 62. Kxc4 Qxf5 63. Kxb3 Kxh7 0-1

[Event "XIe open de Saint-Chély d'Aubrac"]
[Site "Saint-Chely d'Aubrac"]
[Date "2011.07.10"]
[Round "2.13"]
[White "Marie, Olivier"]
[Black "Souttre, Matthieu"]
[Result "1-0"]
[WhiteElo "1678"]
[BlackElo "1490"]
[PlyCount "81"]
[EventDate "2011.??.??"]

1. e4 c5 2. Nf3 Nc6 3. d4 cxd4 4. Nxd4 d6 5. Nc3 Nf6 6. Be2 e5 7. Nb3 Be7 8.
O-O O-O 9. Be3 a6 10. a4 Be6 11. Re1 d5 12. exd5 Nxd5 13. Nc5 Bxc5 14. Bxc5
Nxc3 15. bxc3 Qxd1 16. Raxd1 Rfd8 17. Bb6 Rxd1 18. Bxd1 f6 19. f4 Kf7 20. g3
exf4 21. gxf4 Ne7 22. Bf3 Bd5 23. Rxe7+ Kxe7 24. Bxd5 Rb8 25. Bc5+ Ke8 26. c4
b6 27. Bc6+ Kf7 28. Bd4 Ke6 29. Kf2 Kd6 30. Be4 h6 31. Kf3 Rc8 32. Bd3 Rb8 33.
Kg4 Ke6 34. Kh5 Kf7 35. Bh7 Rb7 36. h4 Rb8 37. Bd3 Rb7 38. Be4 Rb8 39. Bd5+ Kf8
40. Kg6 a5 41. c3 1-0

[Event "XIe open de Saint-Chély d'Aubrac"]
[Site "Saint-Chely d'Aubrac"]
[Date "2011.07.10"]
[Round "2.14"]
[White "Hug, Roxana"]
[Black "Grange, Emmanuel"]
[Result "1-0"]
[WhiteElo "1530"]
[BlackElo "1675"]
[PlyCount "87"]
[EventDate "2011.??.??"]

1. e4 Nf6 2. e5 Nd5 3. d4 d6 4. exd6 exd6 5. c4 Nf6 6. Nc3 Nc6 7. Be2 Be7 8.
Nf3 O-O 9. O-O Re8 10. h3 d5 11. c5 b6 12. Be3 h6 13. Rc1 Bd7 14. Re1 Rb8 15.
Qc2 Nb4 16. Qd2 Nc6 17. Bb5 bxc5 18. Bxc6 Bxc6 19. dxc5 Ne4 20. Qc2 Bf6 21. Bd4
Rb4 22. Rcd1 Qb8 23. b3 Re6 24. Qc1 Qd8 25. Qc2 Bb7 26. a3 Nxc3 27. Qxc3 Rxe1+
28. Rxe1 Rxd4 29. Nxd4 c6 30. Qe3 Qa5 31. b4 Qa4 32. Qd3 g6 33. Qb3 Qa6 34. Nc2
Bc8 35. a4 Be6 36. b5 Qa5 37. bxc6 d4 38. Rxe6 fxe6 39. Qxe6+ Kg7 40. Qd7+ Kf8
41. c7 d3 42. c8=Q+ Bd8 43. Qcxd8+ Qxd8 44. Qxd8+ 1-0

[Event "XIe open de Saint-Chély d'Aubrac"]
[Site "Saint-Chely d'Aubrac"]
[Date "2011.07.10"]
[Round "2.15"]
[White "Goulesque, Camille"]
[Black "Meyer, Bernard"]
[Result "1-0"]
[WhiteElo "1660"]
[BlackElo "1464"]
[PlyCount "87"]
[EventDate "2011.??.??"]

1. e4 c5 2. Nf3 Nc6 3. Bb5 e6 4. Bxc6 bxc6 5. Nc3 d5 6. d3 Bd6 7. e5 Bc7 8. Qe2
Ne7 9. Na4 Bb6 10. Bg5 O-O 11. O-O Qc7 12. Bxe7 Qxe7 13. Nxb6 axb6 14. c4 Ba6
15. b3 Rfd8 16. Nd2 Qd7 17. Rad1 Bb7 18. a4 Qe7 19. f4 Rd7 20. f5 exf5 21. Rxf5
Qe6 22. Rdf1 Re8 23. Qf2 Bc8 24. Qg3 g6 25. Rf6 Qxe5 26. Qxe5 Rxe5 27. Rxc6 Rd8
28. Nf3 Re6 29. cxd5 Rxc6 30. dxc6 Ba6 31. Ne5 f5 32. Rd1 Re8 33. d4 Rd8 34. d5
Rd6 35. Nd7 c4 36. Nxb6 cxb3 37. Rb1 Rd8 38. Rxb3 Re8 39. d6 Re1+ 40. Kf2 Rf1+
41. Ke3 f4+ 42. Kd4 g5 43. c7 Rd1+ 44. Ke5 1-0

[Event "XIe open de Saint-Chély d'Aubrac"]
[Site "Saint-Chely d'Aubrac"]
[Date "2011.07.10"]
[Round "2.16"]
[White "Guerry, Emilien"]
[Black "Burri, Quentin"]
[Result "0-1"]
[WhiteElo "1471"]
[BlackElo "1657"]
[PlyCount "84"]
[EventDate "2011.??.??"]

1. e4 c5 2. Nc3 a6 3. a4 Nc6 4. f4 e6 5. Nf3 d5 6. d3 Nf6 7. Bd2 Rb8 8. g3 b5
9. axb5 axb5 10. e5 Nd7 11. Bg2 Qb6 12. Ne2 Be7 13. c3 h5 14. h3 Ba6 15. b3 c4
16. dxc4 bxc4 17. b4 Nxb4 18. cxb4 Bxb4 19. Nfd4 Rc8 20. Bc3 Nc5 21. O-O Bxc3
22. Nxc3 Nb3 23. Rxa6 Qxa6 24. Kh2 Nxd4 25. Qxd4 Qc6 26. Rb1 Rf8 27. Qb6 Qxb6
28. Rxb6 Kd7 29. Rd6+ Kc7 30. Kg1 Rb8 31. Ra6 Rfd8 32. Ra4 Kb6 33. Ra2 Kc5 34.
Kf2 d4 35. Ne4+ Kb4 36. Ra1 c3 37. Rc1 Kb3 38. Ke1 Kb2 39. Kd1 Rbc8 40. Rc2+
Kb3 41. Nd6 d3 42. Nxc8 dxc2+ 0-1

[Event "XIe open de Saint-Chély d'Aubrac"]
[Site "Saint-Chely d'Aubrac"]
[Date "2011.07.10"]
[Round "2.17"]
[White "Levy, Nicolas"]
[Black "Neff, Thomas"]
[Result "0-1"]
[WhiteElo "1657"]
[BlackElo "1424"]
[PlyCount "50"]
[EventDate "2011.??.??"]

1. e4 d5 2. exd5 Qxd5 3. Nc3 Qa5 4. Nf3 Nf6 5. Bc4 Bg4 6. O-O Nbd7 7. d4 c6 8.
a3 e6 9. h3 Bh5 10. b4 Qc7 11. Ne2 Bxf3 12. gxf3 Bd6 13. Qd3 O-O 14. f4 g6 15.
Qf3 Nh5 16. Kh1 Ng7 17. Rg1 Nf6 18. Bb2 Nd5 19. Bxd5 cxd5 20. Rac1 Rfc8 21. h4
Nf5 22. h5 b5 23. hxg6 hxg6 24. Qh5 Kg7 25. Rg4 Rh8 0-1

[Event "XIe open de Saint-Chély d'Aubrac"]
[Site "Saint-Chely d'Aubrac"]
[Date "2011.07.10"]
[Round "2.18"]
[White "Pierron, Baptiste"]
[Black "Manser, Lucas"]
[Result "0-1"]
[WhiteElo "1430"]
[BlackElo "1640"]
[PlyCount "102"]
[EventDate "2011.??.??"]

1. e4 c6 2. d4 d5 3. e5 Bf5 4. Bd3 Bxd3 5. Qxd3 e6 6. Nf3 c5 7. dxc5 Qa5+ 8. c3
Qxc5 9. Be3 Qc7 10. O-O Nc6 11. Bg5 Be7 12. Bxe7 Ngxe7 13. Re1 Ng6 14. Qe3 O-O
15. Nbd2 Rfc8 16. Nb3 Nce7 17. Rac1 a6 18. h3 b5 19. Qd3 Qc4 20. Qxc4 Rxc4 21.
Nbd4 Rac8 22. a3 R4c7 23. Rcd1 Rb8 24. Rd3 Nc8 25. Nd2 Nb6 26. b3 Rbc8 27. Rc1
Nd7 28. N4f3 Ngxe5 29. Nxe5 Nxe5 30. Re3 Nd7 31. Rd3 Nb6 32. Kh2 e5 33. Nb1 d4
34. Rd2 Nd5 35. c4 bxc4 36. bxc4 Rxc4 37. Rxc4 Rxc4 38. Kg3 Rc6 39. Kf3 Rb6 40.
Rc2 Kf8 41. Nd2 Nc3 42. Nc4 Rf6+ 43. Kg3 Ne4+ 44. Kh2 Rxf2 45. Rxf2 Nxf2 46.
Nxe5 d3 47. Nxd3 Nxd3 48. Kg3 Ke7 49. Kf3 Ne5+ 50. Ke4 Nc4 51. a4 Nb6 0-1

[Event "XIe open de Saint-Chély d'Aubrac"]
[Site "Saint-Chely d'Aubrac"]
[Date "2011.07.10"]
[Round "2.19"]
[White "Joyeux, Gerard"]
[Black "Grange, Gary"]
[Result "1/2-1/2"]
[WhiteElo "1633"]
[BlackElo "1261"]
[PlyCount "69"]
[EventDate "2011.??.??"]

1. d4 d5 2. Nc3 Nf6 3. e4 Nc6 4. e5 Ne4 5. Nxe4 dxe4 6. Bb5 Bd7 7. d5 Nxe5 8.
Bxd7+ Qxd7 9. Bf4 Ng6 10. Bg3 O-O-O 11. c4 e5 12. Ne2 Bb4+ 13. Nc3 Bxc3+ 14.
bxc3 c6 15. Qa4 a6 16. Rd1 Qd6 17. O-O Nf4 18. dxc6 Ne2+ 19. Kh1 Nxg3+ 20. fxg3
Qxc6 21. Qb4 Rxd1 22. Rxd1 Qc7 23. h3 Rd8 24. Rxd8+ Qxd8 25. Qc5+ Qc7 26. Qf8+
Qd8 27. Qxf7 e3 28. Qe6+ Qd7 29. Qxe5 Qd1+ 30. Kh2 e2 31. Qe8+ Kc7 32. Qe7+ Kc6
33. Qe8+ Kc5 34. Qc8+ Kb6 35. Qe6+ 1/2-1/2

[Event "XIe open de Saint-Chély d'Aubrac"]
[Site "Saint-Chely d'Aubrac"]
[Date "2011.07.10"]
[Round "2.20"]
[White "Taravel, Arno"]
[Black "Kirchhoff, Matthieu"]
[Result "1-0"]
[WhiteElo "1410"]
[BlackElo "1598"]
[PlyCount "91"]
[EventDate "2011.??.??"]

1. e4 c5 2. Nf3 Nc6 3. Bc4 g6 4. c3 Bg7 5. d4 cxd4 6. cxd4 d6 7. h3 Qc7 8. Bb5
Bd7 9. Qa4 a6 10. Bxc6 bxc6 11. Bf4 Qa7 12. e5 c5 13. Qc4 cxd4 14. exd6 Be6 15.
Qc6+ Bd7 16. Qc7 Qb8 17. O-O Qb5 18. Nbd2 e5 19. Bg5 f6 20. Bh4 g5 21. Bg3 Bf8
22. Rfe1 Rc8 23. Qa7 Bxd6 24. Nxd4 Qd5 25. Qxa6 Qxd4 26. Nb3 Qb4 27. a3 Qxb3
28. Qxd6 Rc6 29. Qd2 Rc2 30. Qd6 Rc6 31. Qd2 Ne7 32. Rad1 Qb7 33. h4 gxh4 34.
Bxh4 Rg8 35. Qh6 f5 36. Qxh7 Re6 37. g3 Rf8 38. Rd6 Bc8 39. Rxe6 Bxe6 40. Rxe5
Qd7 41. Bxe7 Qxe7 42. Qg6+ Kd8 43. Rxe6 Qc5 44. Rd6+ Kc7 45. Qg7+ Rf7 46. Qxf7+
1-0

[Event "XIe open de Saint-Chély d'Aubrac"]
[Site "Saint-Chely d'Aubrac"]
[Date "2011.07.11"]
[Round "3.1"]
[White "Cornette, Matthieu"]
[Black "Muller, Anne"]
[Result "1-0"]
[WhiteElo "2568"]
[BlackElo "2140"]
[PlyCount "55"]
[EventDate "2011.??.??"]

1. e4 c5 2. Nc3 d6 3. Nge2 Nf6 4. g3 g6 5. Bg2 Bg7 6. d4 Nbd7 7. O-O O-O 8. h3
Rb8 9. a4 b6 10. Re1 a6 11. Bg5 b5 12. axb5 axb5 13. dxc5 dxc5 14. Qc1 Ne5 15.
f4 Nc4 16. b3 b4 17. bxc4 bxc3 18. Bxf6 Bxf6 19. e5 Bg7 20. Rd1 Qb6 21. Nxc3
Qe6 22. Nd5 Bb7 23. Rb1 Bxd5 24. cxd5 Qa6 25. Qe3 Qc4 26. c3 Rxb1 27. Rxb1 Re8
28. Rd1 1-0

[Event "XIe open de Saint-Chély d'Aubrac"]
[Site "Saint-Chely d'Aubrac"]
[Date "2011.07.11"]
[Round "3.2"]
[White "Guichard, Pauline"]
[Black "Messinger, Karl"]
[Result "0-1"]
[WhiteElo "2305"]
[BlackElo "1988"]
[PlyCount "76"]
[EventDate "2011.??.??"]

1. d4 Nf6 2. c4 e6 3. Nc3 Bb4 4. e3 c5 5. Bd3 d5 6. Nf3 Nc6 7. O-O Bxc3 8. bxc3
O-O 9. a4 b6 10. Ba3 Qd6 11. Rb1 Rd8 12. cxd5 exd5 13. dxc5 bxc5 14. Rb5 Nd7
15. Qb1 h6 16. Bh7+ Kh8 17. Bf5 Ba6 18. Bxd7 Qxd7 19. Bxc5 Rab8 20. Qd3 Bxb5
21. axb5 Na5 22. Ne5 Qe8 23. Bd4 Kg8 24. Rb1 f6 25. Nf3 Nc4 26. h4 Rxb5 27.
Rxb5 Qxb5 28. Bxf6 Rb8 29. Kh2 gxf6 30. Qg6+ Kf8 31. Qxf6+ Ke8 32. Nd4 Qb6 33.
Nc6 Qc7+ 34. g3 Rb7 35. Qe6+ Kf8 36. Qf6+ Kg8 37. Nd8 Rb6 38. Ne6 Qf7 0-1

[Event "XIe open de Saint-Chély d'Aubrac"]
[Site "Saint-Chely d'Aubrac"]
[Date "2011.07.11"]
[Round "3.3"]
[White "Hug, Timothee"]
[Black "Benmesbah, Natacha"]
[Result "0-1"]
[WhiteElo "1786"]
[BlackElo "2217"]
[PlyCount "48"]
[EventDate "2011.??.??"]

1. e4 c5 2. Nf3 d6 3. d4 cxd4 4. Nxd4 Nf6 5. Nc3 g6 6. Be3 Bg7 7. Be2 O-O 8.
O-O Nc6 9. Kh1 Bd7 10. f4 Re8 11. Bf3 Na5 12. Nce2 Nc4 13. Bc1 Ng4 14. Qd3 e5
15. Nb3 exf4 16. Nxf4 Nce5 17. Qxd6 Qh4 18. Bxg4 Nxg4 19. Nh3 Bb5 20. Bg5 Qh5
21. Rfd1 Be5 22. Qd2 Bc6 23. Qe2 Bxe4 24. c3 Qxh3 0-1

[Event "XIe open de Saint-Chély d'Aubrac"]
[Site "Saint-Chely d'Aubrac"]
[Date "2011.07.11"]
[Round "3.4"]
[White "Van Hoolandt, Patrick"]
[Black "Herrero, Alain"]
[Result "1-0"]
[WhiteElo "2166"]
[BlackElo "1774"]
[PlyCount "51"]
[EventDate "2011.??.??"]

1. d4 Nf6 2. c4 g6 3. Nc3 d5 4. cxd5 Nxd5 5. Bd2 Bg7 6. e4 Nb6 7. Be3 O-O 8.
Be2 Nc6 9. Nf3 e5 10. O-O f5 11. exf5 Bxf5 12. Qb3+ Kh8 13. dxe5 Nxe5 14. Rad1
Qe7 15. Rfe1 Be6 16. Qc2 Rad8 17. Rxd8 Rxd8 18. Ne4 Bf5 19. Bg5 Nxf3+ 20. Bxf3
Qxg5 21. Nxg5 Bxc2 22. Nf7+ Kg8 23. Nxd8 Bxb2 24. Re8+ Kg7 25. Re7+ Kf6 26. Re2
1-0

[Event "XIe open de Saint-Chély d'Aubrac"]
[Site "Saint-Chely d'Aubrac"]
[Date "2011.07.11"]
[Round "3.5"]
[White "Lagunes, Jean-Renaud"]
[Black "Riff, Jean-Noel"]
[Result "0-1"]
[WhiteElo "2116"]
[BlackElo "2493"]
[PlyCount "64"]
[EventDate "2011.??.??"]

1. e4 c5 2. Nf3 d6 3. Bb5+ Nc6 4. Bxc6+ bxc6 5. O-O Bg4 6. c3 e6 7. d3 Nf6 8.
Re1 Nd7 9. d4 Be7 10. Nbd2 O-O 11. h3 Bh5 12. e5 d5 13. Nf1 cxd4 14. g4 Bg6 15.
Nxd4 Qb6 16. Ng3 Rfe8 17. g5 c5 18. Nf3 Qa6 19. Nh4 Rad8 20. b3 Nf8 21. Ng2 f6
22. gxf6 gxf6 23. h4 Nd7 24. Bh6 Kh8 25. h5 Bf7 26. Qf3 Rg8 27. c4 dxc4 28. Qc3
Qc6 29. Rad1 Nxe5 30. Rxe5 Rxd1+ 31. Kh2 Rd3 32. Qe1 Bd6 0-1

[Event "XIe open de Saint-Chély d'Aubrac"]
[Site "Saint-Chely d'Aubrac"]
[Date "2011.07.11"]
[Round "3.6"]
[White "Biaux, Alain"]
[Black "Griggio, Jean-Paul"]
[Result "1-0"]
[WhiteElo "1909"]
[BlackElo "1784"]
[PlyCount "81"]
[EventDate "2011.??.??"]

1. d4 c5 2. d5 d6 3. Nc3 g6 4. e4 Bg7 5. Nf3 Bg4 6. Be2 Nd7 7. O-O Ngf6 8. Nd2
Bxe2 9. Qxe2 Nb6 10. a4 a5 11. Nb5 O-O 12. c4 Ne8 13. f4 Nd7 14. Nf3 Nc7 15. e5
Nxb5 16. axb5 Nb6 17. e6 f6 18. h4 Qe8 19. h5 Bh6 20. hxg6 hxg6 21. Nh4 Kh7 22.
f5 g5 23. Nf3 Kg7 24. Nh2 Rh8 25. Ng4 Qh5 26. Ra3 Rh7 27. Rh3 Qe8 28. Rh1 Qh8
29. Rf3 Kg8 30. Rfh3 Bg7 31. Rxh7 Qxh7 32. Rxh7 Kxh7 33. Nxf6+ Bxf6 34. Qh5+
Kg8 35. Qf7+ Kh8 36. Bxg5 Bd4+ 37. Kh1 Nxc4 38. Bxe7 Ne3 39. f6 Nf5 40. Qh5+
Kg8 41. Qxf5 1-0

[Event "XIe open de Saint-Chély d'Aubrac"]
[Site "Saint-Chely d'Aubrac"]
[Date "2011.07.11"]
[Round "3.7"]
[White "Marie, Olivier"]
[Black "Galloux, Maxime"]
[Result "0-1"]
[WhiteElo "1678"]
[BlackElo "2075"]
[PlyCount "98"]
[EventDate "2011.??.??"]

1. e4 c5 2. Nf3 g6 3. Nc3 Bg7 4. Be2 Nc6 5. O-O e6 6. Re1 Nge7 7. Bc4 O-O 8. a3
d5 9. Bf1 a6 10. h3 b5 11. Kh1 Bb7 12. d3 Qc7 13. exd5 exd5 14. Rb1 Rfe8 15.
Ne2 Nf5 16. Bf4 Qd7 17. b4 cxb4 18. axb4 d4 19. Ng3 Nxg3+ 20. fxg3 Ne7 21. Kg1
Nd5 22. Qd2 Rac8 23. Rxe8+ Qxe8 24. Re1 Qf8 25. Rb1 Qe7 26. Ne1 Rc3 27. Qf2
Nxb4 28. Bd2 Nc6 29. Bxc3 dxc3 30. Qe2 Bd4+ 31. Kh2 Qd6 32. Qe8+ Kg7 33. Nf3
Bf2 34. Kh1 Bxg3 35. Qe4 Qd7 36. Qg4 Qc7 37. Nd4 Ne7 38. Ne2 Be5 39. d4 Bd6 40.
Rb3 Nd5 41. Qg5 h6 42. Qc1 b4 43. Kg1 a5 44. Kh1 f5 45. h4 Qe7 46. Qe1 Ne3 47.
h5 Nxf1 48. Qxf1 Qh4+ 49. Kg1 Bh2+ 0-1

[Event "XIe open de Saint-Chély d'Aubrac"]
[Site "Saint-Chely d'Aubrac"]
[Date "2011.07.11"]
[Round "3.8"]
[White "Burri, Quentin"]
[Black "Carno, Matthias"]
[Result "0-1"]
[WhiteElo "1657"]
[BlackElo "1921"]
[PlyCount "76"]
[EventDate "2011.??.??"]

1. e4 e5 2. Bc4 Nf6 3. d3 d5 4. exd5 Nxd5 5. Nf3 Nc6 6. O-O Bg4 7. c3 Qd7 8.
Re1 O-O-O 9. Nbd2 Nf4 10. Qc2 f6 11. d4 exd4 12. cxd4 Nd5 13. a3 Nb6 14. h3
Nxc4 15. Qxc4 Bxf3 16. Nxf3 Nxd4 17. Nxd4 Qxd4 18. Qxd4 Rxd4 19. Be3 Rd7 20.
Rac1 a6 21. Bf4 Bd6 22. Bxd6 Rxd6 23. Re7 Rd7 24. Rce1 Kd8 25. Rxd7+ Kxd7 26.
Rd1+ Ke7 27. Re1+ Kf7 28. Rd1 Re8 29. Kf1 Re6 30. b4 Ke7 31. Rd3 Rd6 32. Re3+
Kd7 33. Ke2 Re6 34. Rxe6 Kxe6 35. Kd3 Kd5 36. f3 b5 37. g3 g5 38. g4 h6 0-1

[Event "XIe open de Saint-Chély d'Aubrac"]
[Site "Saint-Chely d'Aubrac"]
[Date "2011.07.11"]
[Round "3.9"]
[White "Lagunes, Robin"]
[Black "Goulesque, Camille"]
[Result "1/2-1/2"]
[WhiteElo "1835"]
[BlackElo "1660"]
[PlyCount "42"]
[EventDate "2011.??.??"]

1. d4 d5 2. Nc3 Nf6 3. e3 Bf5 4. Bd3 Bxd3 5. Qxd3 e6 6. h3 Bd6 7. Nge2 c6 8.
O-O Nbd7 9. b3 Qc7 10. Bb2 O-O 11. Qd2 Ne4 12. Nxe4 dxe4 13. Nc3 f5 14. Qd1 a6
15. g3 Bxg3 16. fxg3 Qxg3+ 17. Kh1 Qxh3+ 18. Kg1 Qg3+ 19. Kh1 Qh3+ 20. Kg1 Qg3+
21. Kh1 Qh3+ 1/2-1/2

[Event "XIe open de Saint-Chély d'Aubrac"]
[Site "Saint-Chely d'Aubrac"]
[Date "2011.07.11"]
[Round "3.10"]
[White "Manser, Lucas"]
[Black "Schmitt, Claude"]
[Result "0-1"]
[WhiteElo "1640"]
[BlackElo "1831"]
[PlyCount "72"]
[EventDate "2011.??.??"]

1. e4 c5 2. Nf3 e6 3. d4 cxd4 4. Nxd4 Nf6 5. Nc3 d6 6. Be2 a6 7. O-O Qc7 8. f4
b5 9. a3 Bb7 10. Bf3 Nbd7 11. f5 e5 12. Nde2 Be7 13. Be3 Nb6 14. Bxb6 Qxb6+ 15.
Kh1 Rd8 16. Qd2 h6 17. Rad1 Qc5 18. h3 Qc4 19. Qd3 Qc5 20. Kh2 O-O 21. g4 Rfe8
22. Qd2 d5 23. exd5 e4 24. Bg2 Bxd5 25. Nxd5 Rxd5 26. Qc1 Rxd1 27. Rxd1 Bd6+
28. Kh1 Qe5 29. Kg1 Bc5+ 30. Kh1 Nd5 31. c3 Ne3 32. Re1 Bd6 33. Kg1 Qh2+ 34.
Kf2 Nxg2 35. Rh1 e3+ 36. Kf3 Nh4# 0-1

[Event "XIe open de Saint-Chély d'Aubrac"]
[Site "Saint-Chely d'Aubrac"]
[Date "2011.07.11"]
[Round "3.11"]
[White "De Leeuw, Johannes"]
[Black "Hug, Roxana"]
[Result "1-0"]
[WhiteElo "1827"]
[BlackElo "1530"]
[PlyCount "77"]
[EventDate "2011.??.??"]

1. e4 c5 2. Nf3 Nc6 3. c3 d5 4. exd5 Qxd5 5. Be2 Nf6 6. O-O g6 7. Na3 a6 8. Nc4
Qd8 9. d3 b5 10. Nce5 Nxe5 11. Nxe5 Bd7 12. Be3 Rc8 13. d4 c4 14. Bf3 Rb8 15.
Bf4 Rb6 16. Re1 Bg7 17. Qd2 O-O 18. Re2 e6 19. Bg5 Qc7 20. Rae1 Rbb8 21. h3 h5
22. Bh6 Kh7 23. Bf4 Qc8 24. Nxd7 Qxd7 25. Bxb8 Rxb8 26. a3 a5 27. Qf4 Rc8 28.
g4 hxg4 29. hxg4 Kg8 30. Kg2 a4 31. Rh1 Qe7 32. d5 Qd7 33. dxe6 fxe6 34. Rhe1
Re8 35. Qg5 Kf7 36. Qf4 Kg8 37. Rd2 Qf7 38. Red1 Kh7 39. g5 1-0

[Event "XIe open de Saint-Chély d'Aubrac"]
[Site "Saint-Chely d'Aubrac"]
[Date "2011.07.11"]
[Round "3.12"]
[White "Costa, Matthieu"]
[Black "Devoille, Hugo"]
[Result "0-1"]
[WhiteElo "1566"]
[BlackElo "1786"]
[PlyCount "66"]
[EventDate "2011.??.??"]

1. e4 c5 2. Nf3 e6 3. Nc3 a6 4. d4 cxd4 5. Nxd4 Nc6 6. Nxc6 bxc6 7. g3 d5 8.
exd5 cxd5 9. Bg2 Nf6 10. Qd4 Be7 11. Bf4 O-O 12. h4 Bb7 13. Be5 Rc8 14. Rc1 Rc4
15. Qd2 Ng4 16. Bf4 Bb4 17. a3 Bxc3 18. bxc3 e5 19. Be3 Nxe3 20. fxe3 Qa5 21.
Rb1 Ba8 22. Rb3 Rfc8 23. O-O h6 24. Rd1 Qc5 25. Bxd5 Bxd5 26. Qxd5 Qxe3+ 27.
Kg2 Rxc3 28. Rd2 Qxg3+ 29. Kf1 Rxb3 30. Qxb3 Rc3 31. Qd5 Rf3+ 32. Ke2 Qf2+ 33.
Kd1 Qf1# 0-1

[Event "XIe open de Saint-Chély d'Aubrac"]
[Site "Saint-Chely d'Aubrac"]
[Date "2011.07.11"]
[Round "3.13"]
[White "Neff, Thomas"]
[Black "Grange, Romain"]
[Result "0-1"]
[WhiteElo "1424"]
[BlackElo "1721"]
[PlyCount "48"]
[EventDate "2011.??.??"]

1. c4 f5 2. Nc3 Nf6 3. g3 g6 4. Bg2 Bg7 5. d4 d6 6. Nf3 c6 7. O-O O-O 8. b4 Re8
9. e3 Qc7 10. Qc2 e5 11. dxe5 dxe5 12. Rd1 e4 13. Nd2 Nbd7 14. Nb3 Ne5 15. Bf1
Be6 16. c5 Rad8 17. Bb2 Bc4 18. Rxd8 Rxd8 19. Rd1 Bxf1 20. Rxd8+ Qxd8 21. Kxf1
Qd3+ 22. Qe2 Nfg4 23. h3 Nh2+ 24. Ke1 Nef3+ 0-1